007270000a22001930004500090001400000245005300014650002200067650002500089650004900114650003100163651002000194041001400214700003700228100003100265942001300296773002800309999001700337952017900354 aARb0133610aAcerca del uso del tebuthuron en una fase piloto14aHerbicidas91317314aToxixología99462714aErradicación de cultivos ilícitos99462814aPolítica nacional994629 4pColombia9927490 aEspañol1 aMedina, Claudia Alejandra9928861 aHoffman, Forrest M.992960 cARTICULO1 tPreprint33q1-12d1998 c10421d10421 001040718HEMEROTECAaBogotabBogotad2015-02-27eFranco, Ana MaríahFuera de circulaciónl0oAR 01336p011680r2015-03-25 00:00:00t1w2015-03-25xDonaciónyARTICULO